Changing Africa/ (Record no. 82)
[ view plain ]
| 000 -LEADER | |
|---|---|
| fixed length control field | 00837nam a22002177a 4500 |
| 001 - CONTROL NUMBER | |
| control field | 82 |
| 005 - DATE AND TIME OF LATEST TRANSACTION | |
| control field | 20251124110316.0 |
| 008 - FIXED-LENGTH DATA ELEMENTS--GENERAL INFORMATION | |
| fixed length control field | 120924b xxu||||| |||| 00| 0 eng d |
| 020 ## - INTERNATIONAL STANDARD BOOK NUMBER | |
| International Standard Book Number | 033343597 |
| 040 ## - CATALOGING SOURCE | |
| Original cataloging agency | BSULIB |
| Description conventions | English |
| 082 ## - DEWEY DECIMAL CLASSIFICATION NUMBER | |
| Classification number | 301.35 |
| Item number | 1 |
| Edition number | BLO |
| 100 ## - MAIN ENTRY--PERSONAL NAME | |
| Personal name | Bloom, Leonard |
| 9 (RLIN) | 228 |
| 245 ## - TITLE STATEMENT | |
| Title | Changing Africa/ |
| 260 ## - PUBLICATION, DISTRIBUTION, ETC. (IMPRINT) | |
| Place of publication, distribution, etc | London: |
| Name of publisher, distributor, etc | Macmillan; |
| Date of publication, distribution, etc | 1987. |
| 300 ## - PHYSICAL DESCRIPTION | |
| Extent | xi, 276p. |
| Other physical details | Ill. |
| Dimensions | 21cm. |
| 500 ## - GENERAL NOTE | |
| General note | Includes bibliography and Index |
| 521 ## - TARGET AUDIENCE NOTE | |
| Target audience note | What is sociology? --How do sociologists investigate society? --Population --Marriage, family and Society --Religion in society --Education and society --The Political framework of society --Society and Economics --Social Change: from a rural to an Urban world |
| 650 ## - SUBJECT ADDED ENTRY--TOPICAL TERM | |
| Source of heading or term | an introduction to sociology |
| 9 (RLIN) | 229 |
| 700 ## - ADDED ENTRY--PERSONAL NAME | |
| Personal name | Ottong, Joseph Gabriel |
| 9 (RLIN) | 26056 |
| 942 ## - ADDED ENTRY ELEMENTS (KOHA) | |
| Source of classification or shelving scheme | Dewey Decimal Classification |
| Item type | Reserved Books |
| Withdrawn status | Lost status | Source of classification or shelving scheme | Damaged status | Not for loan | Home library | Current library | Shelving location | Date acquired | Source of acquisition | Inventory number | Total Checkouts | Full call number | Barcode | Date last seen | Copy number | Price effective from | Koha item type | Public note |
|---|---|---|---|---|---|---|---|---|---|---|---|---|---|---|---|---|---|---|
| Dewey Decimal Classification | Main Library | Main Library | Reserve Book Section | 24/09/2005 | Purchased. | 8632 | 301.35 BLO | bsu25110037 | 24/09/2012 | 001 | 24/09/2012 | Reserved Books | Material available in hard copy |